| 000 | 00447nam a2200181Ia 4500 | ||
|---|---|---|---|
| 005 | 20250603150030.0 | ||
| 008 | 250603s9999 xx 000 0 und d | ||
| 020 | _a9789351540885 | ||
| 050 | _aTK 5103.2 .P73/ | ||
| 100 | _aPrasad, D. | ||
| 245 | 0 | _aWireless communications and networks | |
| 260 | _aNew Delhi | ||
| 260 | _bVenus Books Publishers & Distributors | ||
| 260 | _c2016 | ||
| 300 | _a298 p | ||
| 650 | _aNew Delhi | ||
| 942 | _cBK | ||
| 999 |
_c43563 _d43563 |
||